| 000 | 01189cam a2200337 a 4500 | ||
|---|---|---|---|
| 999 |
_c129879 _d129879 |
||
| 001 | 15561597 | ||
| 003 | ARRUPE | ||
| 005 | 20190924104208.0 | ||
| 008 | 081218s2008 enkb 000 f eng c | ||
| 010 | _a 2008278451 | ||
| 015 |
_aGBA882397 _2bnb |
||
| 016 | 7 |
_a014656087 _2Uk |
|
| 020 | _a9780007271214 (hbk.) | ||
| 020 | _a0007271212 (hbk.) | ||
| 035 | _a(OCoLC)ocn233262808 | ||
| 040 |
_aUKM _cUKM _dBTCTA _dVP@ _dGZM _dAU@ _dDLC |
||
| 042 | _apcc | ||
| 043 | _ae-fr--- | ||
| 050 | 0 | 0 |
_aPR6053.O75 _bA97 2008 |
| 082 | 0 | 0 |
_a823/.914 _222 |
| 100 | 1 |
_aCornwell, Bernard. _948239 |
|
| 245 | 1 | 0 |
_aAzincourt / _cBernard Cornwell. |
| 260 |
_aLondon : _bHarperCollinsPublishers, _c2008. |
||
| 300 |
_a453 p. : _bmaps ; _c24 cm. |
||
| 650 | 0 |
_aArchers _vFiction. _948240 |
|
| 650 | 0 |
_aAgincourt, Battle of, Agincourt, France, 1415 _vFiction. _948241 |
|
| 655 | 7 |
_aHistorical fiction. _2gsafd _948242 |
|
| 906 |
_a7 _bcbc _cpccadap _d2 _encip _f20 _gy-gencatlg |
||
| 942 |
_2lcc _cMONOGRAPH |
||